| 000 | 00415nam a2200157Ia 4500 | ||
|---|---|---|---|
| 005 | 20240611033641.0 | ||
| 008 | 240331s9999 xx 000 0 und d | ||
| 020 | _a0805505x | ||
| 082 |
_bMIG _a331 |
||
| 245 | 0 |
_aMigrant fishermen in Congo : _btradition and modernity |
|
| 260 |
_aNorway _bChr. Michelsen Institute _c1994 |
||
| 300 | _aiv, 66 p ., | ||
| 650 | _aHuman Rights | ||
| 650 | _aDevelopment | ||
| 942 | _cL | ||
| 999 |
_c2686 _d2686 |
||